| Tag |
First Indicator |
Second Indicator |
Subfields |
| LEADER |
00000cam a2200000 4500 |
| 001 |
in00000052794 |
| 005 |
20151007074137.0 |
| 008 |
740318s1966 ohu 00000 eng u |
| 035 |
|
|
|a (OCoLC)00833358
|
| 035 |
|
|
|9 AAF1017AM
|
| 040 |
|
|
|c BGU
|d TXA
|d UtOrBLW
|
| 049 |
|
|
|a TXAM
|c [521659]
|
| 090 |
|
|
|a S533
|b .W3
|
| 092 |
|
|
|a 630.7
|b W277r, 1966
|
| 100 |
1 |
|
|a Warmbrod, John Robert.
|
| 245 |
1 |
0 |
|a Review and synthesis of research in agricultural education.
|
| 264 |
|
1 |
|a Columbus :
|b Ohio State University, Center for Vocational and Technical Education,
|c 1966.
|
| 300 |
|
|
|a 140 pages
|
| 336 |
|
|
|a text
|b txt
|2 rdacontent
|
| 337 |
|
|
|a unmediated
|b n
|2 rdamedia
|
| 338 |
|
|
|a volume
|b nc
|2 rdacarrier
|
| 650 |
|
0 |
|a Agricultural education.
|
| 999 |
|
|
|a MARS
|
| 999 |
f |
f |
|s 1e03bf70-e24d-33f8-9246-befe7841b4eb
|i aee0e92c-b922-3f56-bb39-4eb00dd92d43
|t 0
|
| 952 |
f |
f |
|p ric
|a Texas A&M University
|b Rellis Campus
|c Joint Library Facility
|d Remote Storage
|t 0
|e S533 .W3
|h Library of Congress classification
|i unmediated -- volume
|m A14801056239
|
| 998 |
f |
f |
|a S533 .W3
|t 0
|l Remote Storage
|